[Event "Niedersachsen-chT U16"]
[Site "Verden"]
[Date "2001.05.27"]
[Round "7.4"]
[White "Flessner, Peer"]
[Black "Collmann, Jan"]
[Result "0-1"]
[WhiteElo "1124"]
[BlackElo "1326"]
[PlyCount "68"]
[EventDate "2001.05.??"]
[EventType "team"]
[EventRounds "7"]
[EventCountry "GER"]
[SourceTitle "EXT 2003"]
[Source "ChessBase"]
[SourceDate "2002.11.25"]
[SourceVersion "1"]
[SourceVersionDate "2002.11.25"]
[SourceQuality "1"]

1. e4 e6 2. Nc3 d5 3. g3 Nf6 4. Bg2 c6 5. e5 Nfd7 6. f4 c5 7. Nf3 a6 8. d3 Nc6 9. 0-0 h6 10. Bd2 b5 11. a3 Qb6 12. Kh1 Bb7 13. h3 Ne7 14. Qe2 Nf5 15. Kh2 h5 16. Ng5 h4 17. gxh4 Nxh4 18. Bf3 Nxf3+ 19. Nxf3 g6 20. Rg1 Nb8 21. Rg4 Be7 22. Rag1 Nc6 23. f5 d4 24. Ne4 exf5 25. Nd6+ Bxd6 26. exd6+ Kd7 27. R4g3 Rae8 28. Qf1 Kxd6 29. Bf4+ Kd7 30. Ng5 f6 31. Nf3 g5 32. Bd2 f4 33. Rg4 Bc8 34. c3 Kc7 0-1